000 00939 a2200229 4500
999 _c3930
_d3930
020 _a9780755338849 (pbk.)
020 _a0755338847 (pbk.)
050 0 0 _aPR 4622 DOY
100 1 _aDoyle, Arthur Conan,
_d1859-1930.
245 1 4 _aThe lost world /
_cSir Arthur Conan Doyle.
264 _aLondon:
_bPlanet Three Publishing,
_c1912.
300 _a159 p. ;
500 _aIt includes a list of the author's publications.
650 0 _aChallenger, Professor (Fictitious character)
650 0 _aPrehistoric peoples
650 0 _aDinosaurs
651 0 _aSouth America
856 4 2 _3Publisher description
_uhttp://www.loc.gov/catdir/enhancements/fy0811/2008378086-d.html
856 4 2 _3Contributor biographical information
_uhttp://www.loc.gov/catdir/enhancements/fy0811/2008378086-b.html
942 _2lcc
_cBK
_h4622
_iDOY
_kPR